000 01175nam a2200253Ia 4500
003 OSt
005 20220918111948.0
006 a|||||r|||| 00| 0
007 ta
008 220915b |||||||| |||| 00| 0 hin d
024 _a200424
037 _cTextbook
040 _bhin
_aARTS
_cARTS
041 _ahin
082 _aV1:2.N7, 152L3
100 _aशुक्ल, देवी प्रसाद; श्रीवास्तव, बृजेन्द्र कुमार
_911542
245 0 _aआधुनिक संविधानो के सिद्धान्त और व्यवहार का तुलनात्मक अध्ययन
246 _aĀdhunik sanvidhāno ke siddhānta aur vyavahār kā tulanātmak adhyayana
260 _aभोपाल
_bमध्यप्रदेश हिन्दी ग्रंथ अकादमी
_c1973
300 _a663पृ0
_ccm.
650 _aविश्व-इतिहास
942 _hV1:2.N7, 152L3
_cTB
_2CC
999 _c117571
_d117571